[Event "Vall del Tenes op 8th"]
[Site "Vall del Tenes"]
[Date "2019.06.14"]
[Round "7"]
[White "Bellpuig Mencos, Gerard"]
[Black "Soler Colomer, Joan"]
[Result "1-0"]
[WhiteElo "1678"]
[BlackElo "1576"]
[PlyCount "61"]
[EventDate "2019.04.26"]
[EventType "swiss"]
[EventRounds "8"]
[EventCountry "ESP"]
[SourceTitle "EXT 2020"]
[Source "ChessBase"]
[SourceDate "2019.10.17"]
[SourceVersion "1"]
[SourceVersionDate "2019.10.17"]
[SourceQuality "1"]

1. e4 e5 2. Nf3 d6 3. d4 exd4 4. Bc4 Be7 5. Qxd4 Nf6 6. 0-0 0-0 7. Nc3 Nc6 8. Qd3 a6 9. a3 b6 10. Nd5 Bb7 11. b4 Ng4 12. Bb2 Bf6 13. Nxf6+ Nxf6 14. Rfe1 h6 15. Ba2 Re8 16. Rad1 b5 17. e5 dxe5 18. Qg6 Qe7 19. Nxe5 Nd8 20. Nf3 Be4 21. Bxf6 Qxf6 22. Qxf6 gxf6 23. Bd5 c6 24. Rxe4 Rxe4 25. Bxe4 Rc8 26. Nh4 Ne6 27. Nf5 Kf8 28. g3 Ng5 29. Bxc6 Ne6 30. Be4 Ke8 31. Nd6+ 1-0

[Event "Santa Eulalia Vall del Tenes op 7th"]
[Site "Santa Eulalia de Roncana"]
[Date "2018.04.20"]
[Round "3.8"]
[White "Soler Colomer, Joan"]
[Black "Costa Trave, Jaume"]
[Result "0-1"]
[WhiteElo "1503"]
[BlackElo "1950"]
[PlyCount "62"]
[EventDate "2018.04.06"]
[EventType "swiss"]
[EventRounds "8"]
[EventCountry "ESP"]
[SourceTitle "EXT 2024"]
[Source "ChessBase"]
[SourceDate "2023.10.10"]
[SourceVersion "1"]
[SourceVersionDate "2023.10.10"]
[SourceQuality "1"]

1. Nf3 d5 2. d4 Bf5 3. c4 e6 4. a3 c6 5. cxd5 exd5 6. Nc3 Bd6 7. e3 Ne7 8. Bd3 Bg4 9. h3 Bh5 10. Be2 Nd7 11. 0-0 Rc8 12. b4 Bb8 13. Bb2 Qc7 14. g3 Nf5 15. g4 Nh4 16. Ne5 Nxe5 17. f4 Nd7 18. gxh5 Nf6 19. Bg4 Rd8 20. Qe1 g5 21. Qe2 Rg8 22. fxg5 Nxg4 23. hxg4 Qg3+ 24. Kh1 Qh3+ 25. Kg1 Rxg5 26. Rf4 f5 27. Raf1 Rxg4+ 28. Rxg4 fxg4 29. e4 Nf3+ 30. Rxf3 gxf3 31. Qf2 Kd7 0-1

[Event "Santa Eulalia Vall del Tenes op 7th"]
[Site "Santa Eulalia de Roncana"]
[Date "2018.04.06"]
[Round "1.1"]
[White "Ortega Serra, Marc"]
[Black "Soler Colomer, Joan"]
[Result "1-0"]
[WhiteElo "2248"]
[BlackElo "1503"]
[PlyCount "63"]
[EventDate "2018.04.06"]
[EventType "swiss"]
[EventRounds "8"]
[EventCountry "ESP"]
[SourceTitle "EXT 2024"]
[Source "ChessBase"]
[SourceDate "2023.10.10"]
[SourceVersion "1"]
[SourceVersionDate "2023.10.10"]
[SourceQuality "1"]

1. d4 d6 2. e4 Nd7 3. c4 e5 4. d5 Ngf6 5. Nc3 Be7 6. Be3 c6 7. h3 cxd5 8. cxd5 a6 9. g4 h6 10. Nf3 Qa5 11. Nd2 Nc5 12. Qb1 Bd7 13. b4 Qa3 14. Nd1 Na4 15. Nc4 Nc3 16. Nxa3 Nxb1 17. Rxb1 Nxe4 18. Nc4 0-0 19. Nb6 Rad8 20. Rc1 Bc8 21. Nc3 Nxc3 22. Rxc3 f5 23. Nxc8 Rxc8 24. Rxc8 Rxc8 25. gxf5 Bh4 26. Kd2 Re8 27. Be2 Kf7 28. Bh5+ g6 29. Bxg6+ Ke7 30. Bxe8 Kxe8 31. Rg1 Kf7 32. Rg6 1-0

[Event "Roncana op-A 7th"]
[Site "Santa Eulalia de Roncana"]
[Date "2013.11.30"]
[Round "8"]
[White "Soler Colomer, Joan"]
[Black "Argemi Camp, Jaume"]
[Result "1-0"]
[WhiteElo "1547"]
[BlackElo "1686"]
[PlyCount "72"]
[EventDate "2013.10.05"]
[EventType "swiss"]
[EventRounds "8"]
[EventCountry "ESP"]
[SourceTitle "CBM 157 Extra"]
[Source "ChessBase"]
[SourceDate "2013.12.19"]
[SourceVersion "1"]
[SourceVersionDate "2013.12.19"]
[SourceQuality "1"]

1. Nf3 e6 2. d4 d6 3. e4 g6 4. Nc3 Bg7 5. Bg5 Qd7 6. Bd3 c6 7. Qd2 e5 8. dxe5 dxe5 9. 0-0 Qc7 10. Rad1 Nd7 11. Bc4 Ngf6 12. Bh6 0-0 13. Bxg7 Kxg7 14. h3 a5 15. a3 a4 16. Ba2 Nc5 17. Qe3 Ne6 18. Ne2 Qa5 19. Rd2 Qc5 20. Qxc5 Nxc5 21. Nxe5 Ncxe4 22. Rfd1 Nc5 23. Nc3 Be6 24. Bxe6 Nxe6 25. Nd7 Rfd8 26. Nb6 Rxd2 27. Rxd2 Ra6 28. Ncxa4 Nc7 29. c4 Ne6 30. c5 Nf4 31. Nc3 Ra5 32. Nd7 Ne6 33. Nxf6 Kxf6 34. Ne4+ Kg7 35. Nd6 Rxc5 36. Nxb7 Rc1+ 1-0

[Event "Vall del Tenes op 2nd"]
[Site "Vall del Tenes"]
[Date "2013.05.03"]
[Round "4"]
[White "Boixader Puig, Angel"]
[Black "Soler Colomer, Joan"]
[Result "1/2-1/2"]
[WhiteElo "1700"]
[BlackElo "1568"]
[PlyCount "73"]
[EventDate "2013.04.05"]
[EventType "swiss"]
[EventRounds "8"]
[EventCountry "ESP"]
[SourceTitle "EXT 2014"]
[Source "ChessBase"]
[SourceDate "2013.11.20"]
[SourceVersion "1"]
[SourceVersionDate "2013.11.20"]
[SourceQuality "1"]

1. Nf3 d5 2. c4 Nf6 3. d4 Bg4 4. Nbd2 Bxf3 5. Nxf3 e6 6. h3 h6 7. Bf4 Bd6 8. Bxd6 Qxd6 9. cxd5 Qxd5 10. e3 0-0 11. b3 Qd8 12. Bd3 Nc6 13. 0-0 Re8 14. Rc1 a6 15. Qd2 Rc8 16. Rc4 e5 17. Rd1 e4 18. d5 Qxd5 19. Bxe4 Qxd2 20. Nxd2 Nxe4 21. Nxe4 Rcd8 22. Rxd8 Rxd8 23. Rc1 Rc8 24. Nc5 Nd8 25. Kf1 c6 26. Ke2 Kf8 27. f3 Ke7 28. Rc4 Rc7 29. Re4+ Ne6 30. f4 Kd6 31. b4 Nxc5 32. Rd4+ Ke6 33. bxc5 Rd7 34. Kd3 Rd5 35. Kc4 g5 36. g4 gxf4 37. exf4 1/2-1/2

[Event "Roncana op-B 5th"]
[Site "Santa Eulalia de Roncana"]
[Date "2011.11.19"]
[Round "7"]
[White "Soler Colomer, Joan"]
[Black "Vicente Perales, Manel"]
[Result "1/2-1/2"]
[WhiteElo "1604"]
[BlackElo "1310"]
[PlyCount "86"]
[EventDate "2011.10.01"]
[EventType "swiss"]
[EventRounds "8"]
[EventCountry "ESP"]
[SourceTitle "EXT 2013"]
[Source "ChessBase"]
[SourceDate "2012.11.22"]
[SourceVersion "1"]
[SourceVersionDate "2012.11.22"]
[SourceQuality "1"]

1. d4 Nf6 2. c4 c5 3. Nc3 b5 4. Nxb5 Ba6 5. a4 cxd4 6. Qxd4 Nc6 7. Qd1 g6 8. Nf3 Bg7 9. Bf4 0-0 10. Nc7 Rc8 11. Nxa6 Qa5+ 12. Bd2 Qxa6 13. e3 Qb7 14. Rb1 Ne4 15. Qc2 Nb4 16. Bxb4 Qxb4+ 17. Nd2 Nc5 18. b3 Rb8 19. Be2 Bc3 20. Bd1 d6 21. Ke2 f5 22. Nf3 Rb7 23. Qa2 Rfb8 24. Nd4 Bxd4 25. exd4 Ne6 26. Qa1 Nf4+ 27. Kf3 Ne6 28. Be2 Qd2 29. g3 Nxd4+ 30. Kg2 Nxe2 31. Rb2 Qd3 32. Rd1 Qe4+ 33. f3 Qe3 34. Re1 Rxb3 35. Rbxe2 Qxf3+ 36. Kg1 Rb1 37. Rxb1 Rxb1+ 38. Qxb1 Qxe2 39. Qb8+ Kf7 40. Qxa7 Qxc4 41. a5 Qc1+ 42. Kg2 Qd2+ 43. Kg1 Qc1+ 1/2-1/2

[Event "Roncana op-B 5th"]
[Site "Santa Eulalia de Roncana"]
[Date "2011.10.15"]
[Round "3"]
[White "Soler Colomer, Joan"]
[Black "Lara Meca, Miguel"]
[Result "1-0"]
[WhiteElo "1604"]
[BlackElo "1519"]
[PlyCount "109"]
[EventDate "2011.10.01"]
[EventType "swiss"]
[EventRounds "8"]
[EventCountry "ESP"]
[SourceTitle "EXT 2013"]
[Source "ChessBase"]
[SourceDate "2012.11.22"]
[SourceVersion "1"]
[SourceVersionDate "2012.11.22"]
[SourceQuality "1"]

1. d4 d5 2. c4 e6 3. cxd5 exd5 4. a3 Nc6 5. Nc3 Nf6 6. Bg5 Be6 7. Bxf6 Qxf6 8. e3 a6 9. Qb3 0-0-0 10. Qd1 Na7 11. b4 c6 12. Na4 Bd6 13. h3 Nb5 14. Nf3 Nxa3 15. Qb3 Bxb4+ 16. Nc3 Bf5 17. Rxa3 Bxa3 18. Qxa3 Qd6 19. Qb3 f6 20. Be2 b5 21. Kd2 Kd7 22. Ra1 Ra8 23. Ra5 Rhb8 24. Na2 Ke7 25. Nb4 Bc8 26. Qc3 Rb6 27. Qc5 Qxc5 28. dxc5 Rb7 29. Nxc6+ Kd7 30. Nb4 Rbb8 31. Nxd5 Kc6 32. Nb6 Ra7 33. Nxc8 Rxc8 34. Bxb5+ Kb7 35. Bd7 Rd8 36. c6+ Kb6 37. Ra1 Rc7 38. Ke2 Ra8 39. Nd4 Rd8 40. Ne6 Rdxd7 41. cxd7 Rxd7 42. Rxa6+ Kb5 43. Ra2 Re7 44. Nd4+ Kc4 45. Ra8 h6 46. Rg8 g5 47. Rg6 Rf7 48. Rxh6 Kd5 49. Kf3 f5 50. Ke2 f4 51. Rh5 Rg7 52. h4 Ke4 53. Rxg5 Rh7 54. Rg4 Ke5 55. Rxf4 1-0